| 000 | 00715nam a22002177a 4500 | ||
|---|---|---|---|
| 005 | 20130725020003.0 | ||
| 008 | 130724b1994 -us||||| |||| 00| 0 spa d | ||
| 020 | _a1559632828 | ||
| 041 | _aeng | ||
| 044 | _axxu | ||
| 082 |
_a363.7 _bG88c |
||
| 245 |
_aEnvironmental policy and biodiversity _cedited by R. Edward Grumbine |
||
| 260 |
_aWashington, D.C. _bIsland Pres. _cc1994 |
||
| 300 |
_axv, 416 p. _bil., mapas. _c24 cms. |
||
| 504 | _aIncluye referencias bibliográficas e índices | ||
| 650 |
_aEnvironmental policy _zUnited States _9891 |
||
| 650 |
_aBiodiversity _zUnited States _9892 |
||
| 650 |
_aEnvironmental law _zUnited States _9893 |
||
| 700 | 1 |
_aGrumbine, R. Edward. _9894 |
|
| 942 |
_2ddc _cIMPRESO _01 |
||
| 999 |
_c7439 _d7439 |
||